Tribal life in Gujarat; (Record no. 62996)
[ view plain ]
| 000 -LEADER | |
|---|---|
| fixed length control field | 00948cam a22002411 4500 |
| 001 - CONTROL NUMBER | |
| control field | sa 65003135 |
| 003 - CONTROL NUMBER IDENTIFIER | |
| control field | DLC |
| 005 - DATE AND TIME OF LATEST TRANSACTION | |
| control field | 20260227112121.0 |
| 008 - FIXED-LENGTH DATA ELEMENTS--GENERAL INFORMATION | |
| fixed length control field | 711214s1964 xx 000 0 eng |
| 010 ## - LIBRARY OF CONGRESS CONTROL NUMBER | |
| LC control number | sa 65003135 |
| 035 ## - SYSTEM CONTROL NUMBER | |
| System control number | (OCoLC)182149 |
| 040 ## - CATALOGING SOURCE | |
| Original cataloging agency | DLC |
| Transcribing agency | OAU |
| Modifying agency | DLC |
| 042 ## - AUTHENTICATION CODE | |
| Authentication code | premarc |
| 050 00 - LIBRARY OF CONGRESS CALL NUMBER | |
| Classification number | DS485.G8 |
| Item number | S47 |
| 100 1# - MAIN ENTRY--PERSONAL NAME | |
| Personal name | Shah, Popatlal Govindlal, |
| Dates associated with a name | 1888- |
| 245 10 - TITLE STATEMENT | |
| Title | Tribal life in Gujarat; |
| Remainder of title | an analytical study of the cultural changes, with special reference to the Dhank Tribe, |
| Statement of responsibility, etc. | by P.G. Shah. |
| 250 ## - EDITION STATEMENT | |
| Edition statement | 1st ed. |
| 260 ## - PUBLICATION, DISTRIBUTION, ETC. | |
| Place of publication, distribution, etc. | Bombay, |
| Name of publisher, distributor, etc. | Published by Gujarat Research Society for the Regional Planning Committee of the Government of India, New Delhi; sole distributors: Bharatiya Vidy Bhavan |
| Date of publication, distribution, etc. | [1964] |
| 300 ## - PHYSICAL DESCRIPTION | |
| Extent | 344 p. xxiv p. |
| Other physical details | illus., maps. |
| Dimensions | 23 cm. |
| 504 ## - BIBLIOGRAPHY, ETC. NOTE | |
| Bibliography, etc. note | Bibliographical footnotes. |
| 650 #0 - SUBJECT ADDED ENTRY--TOPICAL TERM | |
| Topical term or geographic name entry element | Ethnology |
| Geographic subdivision | India |
| -- | Gujarat. |
| 710 1# - ADDED ENTRY--CORPORATE NAME | |
| Corporate name or jurisdiction name as entry element | India (Republic) Planning Commission. Regional Planning Committee. |
No items available.